000 00713nam a2200241 i 4500
001 19948
003 ES-MaACL
005 20230906152210.0
007 t|
008 020712s1995 sp ||||0| spa j
020 _a84-8237-020-0
040 _aM-BN
_bspa
_cM-BN
080 _a9(=605)
100 1 _aSachar, Howard M.
_9101240
245 1 0 _aAdiós España
_b: historia de los sefardíes /
_cHoward M. Sachar ; traducción de Ersi Marina Samará.
250 _a1ª ed.
260 _aBarcelona :
_bThassáalia,
_c1995.
300 _a463 p ;
_c24 cm.
650 1 4 _aSefardíes-
_xHistoria.
_917014
700 1 _aSamará, Ersi Marina.
_9102159
852 _aES-MaACL
_jL-25953
_bR.130692
999 _c19948
_d19948